Contabilidad administrativa (Registro nro. 2032)
[ vista simple ]
| 000 -CABECERA | |
|---|---|
| campo de control de longitud fija | 00996aam a2200361 4500 |
| 005 - FECHA Y HORA DE ACTUALIZACIÓN | |
| campo de control | 20240927193515.0 |
| 008 - LONGITUD FIJA | |
| campo de control de longitud fija | 150721b xxu||||| |||| 00| 0 spa d |
| 041 ## - IDIOMA | |
| Código de idioma del texto/pista de sonido o título separado | |
| 082 ## - CLASIFICACIÓN DECIMAL DEWEY | |
| Número de clasificación | 658.151.1 R165co7 |
| 100 ## - AUTOR PERSONAL | |
| Nombre de persona | Ramírez Padilla, David Noel |
| 245 ## - TÍTULO PROPIAMENTE DICHO | |
| Título | Contabilidad administrativa |
| 250 ## - EDICIÓN | |
| Mención de edición | 7 edición |
| 260 ## - PIE DE IMPRENTA | |
| Lugar de publicación, distribución, etc. | México |
| Nombre del editor, distribuidor, etc. | McGraw-Hill |
| Fecha de publicación, distribución, etc. | 2005 |
| 300 ## - DESCRIPCIÓN FÍSICA | |
| Extensión | 601 páginas |
| 650 ## - Materia General | |
| Materia general | CONTABILIDAD ADMINISTRATIVA |
| 650 ## - Materia General | |
| Materia general | INFORMACIÓN CONTABLE |
| 650 ## - Materia General | |
| Materia general | COSTOS |
| 650 ## - Materia General | |
| Materia general | SISTEMAS DE INFORMACIÓN |
| 650 ## - Materia General | |
| Materia general | FILOSOFIAS ADMINISTRATIVAS |
| 650 ## - Materia General | |
| Materia general | MISIÓN |
| 650 ## - Materia General | |
| Materia general | VALORES |
| 650 ## - Materia General | |
| Materia general | FODA |
| 650 ## - Materia General | |
| Materia general | PRESUPUESTO |
| 650 ## - Materia General | |
| Materia general | PRESUPUESTO MAESTRO |
| 650 ## - Materia General | |
| Materia general | INFORMACIÓN ADMINISTRATIVA |
| 650 ## - Materia General | |
| Materia general | INFORMACIÓN FINANCIERA |
| 650 ## - Materia General | |
| Materia general | CONTROL ADMINISTRATIVO |
| 650 ## - Materia General | |
| Materia general | EVALUACIÓN DEL DESEMPEÑO |
| 650 ## - Materia General | |
| Materia general | JUSTO A TIEMPO |
| 650 ## - Materia General | |
| Materia general | INVENTARIO |
| 650 ## - Materia General | |
| Materia general | PROYECTOS DE INVERSIÓN |
| 942 ## - Punto de Acceso Adicional Koha | |
| Tipo de ítem Koha | Libro |
| Estado perdido | Fuente de clasificación o esquema de estantería | Estado dañado | No para préstamo | Biblioteca permanente | Biblioteca actual | Enumeración serial/Volumen | Signatura completa | Código de barras | Tipo de ítem |
|---|---|---|---|---|---|---|---|---|---|
| Dewey Decimal Classification | Departamento de Biblioteca y Documentación Alfonso Chase Brenes | Departamento de Biblioteca y Documentación Alfonso Chase Brenes | 7 edición | 658.151.1 R165co7 | 11566 | Libro |